Mathematical Modelling and Biomechanics of the Brain

This monograph aims to provide a rigorous yet accessible presentation of some fundamental concepts used in modeling brain mechanics and give a glimpse of the insights and advances that have arisen as a result of the nascent interaction of the mathematical and neurosurgical sciences. It begins with s...

Πλήρης περιγραφή

Λεπτομέρειες βιβλιογραφικής εγγραφής
Κύριοι συγγραφείς: Drapaca, Corina (Συγγραφέας, http://id.loc.gov/vocabulary/relators/aut), Sivaloganathan, Siv (http://id.loc.gov/vocabulary/relators/aut)
Συγγραφή απο Οργανισμό/Αρχή: SpringerLink (Online service)
Μορφή: Ηλεκτρονική πηγή Ηλ. βιβλίο
Γλώσσα:English
Έκδοση: New York, NY : Springer New York : Imprint: Springer, 2019.
Έκδοση:1st ed. 2019.
Σειρά:Fields Institute Monographs, 37
Θέματα:
Διαθέσιμο Online:Full Text via HEAL-Link
LEADER 03421nam a2200505 4500
001 978-1-4939-9810-4
003 DE-He213
005 20191220125610.0
007 cr nn 008mamaa
008 190906s2019 xxu| s |||| 0|eng d
020 |a 9781493998104  |9 978-1-4939-9810-4 
024 7 |a 10.1007/978-1-4939-9810-4  |2 doi 
040 |d GrThAP 
050 4 |a TA342-343 
072 7 |a PBWH  |2 bicssc 
072 7 |a MAT003000  |2 bisacsh 
072 7 |a PBWH  |2 thema 
072 7 |a TBJ  |2 thema 
082 0 4 |a 003.3  |2 23 
100 1 |a Drapaca, Corina.  |e author.  |4 aut  |4 http://id.loc.gov/vocabulary/relators/aut 
245 1 0 |a Mathematical Modelling and Biomechanics of the Brain  |h [electronic resource] /  |c by Corina Drapaca, Siv Sivaloganathan. 
250 |a 1st ed. 2019. 
264 1 |a New York, NY :  |b Springer New York :  |b Imprint: Springer,  |c 2019. 
300 |a X, 155 p. 12 illus.  |b online resource. 
336 |a text  |b txt  |2 rdacontent 
337 |a computer  |b c  |2 rdamedia 
338 |a online resource  |b cr  |2 rdacarrier 
347 |a text file  |b PDF  |2 rda 
490 1 |a Fields Institute Monographs,  |x 1069-5273 ;  |v 37 
505 0 |a 1. Introduction -- 2. Brief Review of Continuum Mechanics Theories -- 3. Mechanics of Hydrocephalus -- 4. Modeling Traumatic Brain Injuries, Aneurysms, and Strokes -- 5. Models of Tumor Growth -- 6. Concluding Remarks. 
520 |a This monograph aims to provide a rigorous yet accessible presentation of some fundamental concepts used in modeling brain mechanics and give a glimpse of the insights and advances that have arisen as a result of the nascent interaction of the mathematical and neurosurgical sciences. It begins with some historical perspective and a brief synopsis of the biomedical/biological manifestations of the clinical conditions/diseases considered. Each chapter proceeds with a discussion of the various mathematical models of the problems considered, starting with the simplest models and proceeding to more complex models where necessary. A detailed list of relevant references is provided at the end of each chapter. With the beginning research student in mind, the chapters have been crafted to be as self-contained as possible while addressing different clinical conditions and diseases. The book is intended as a brief introduction to both theoreticians and experimentalists interested in brain mechanics, with directions and guidance for further reading, for those who wish to pursue particular topics in greater depth. It can also be used as a complementary textbook in a graduate level course for neuroscientists and neuroengineers. 
650 0 |a Mathematical models. 
650 0 |a Biomechanics. 
650 1 4 |a Mathematical Modeling and Industrial Mathematics.  |0 http://scigraph.springernature.com/things/product-market-codes/M14068 
650 2 4 |a Biomechanics.  |0 http://scigraph.springernature.com/things/product-market-codes/L29020 
700 1 |a Sivaloganathan, Siv.  |e author.  |4 aut  |4 http://id.loc.gov/vocabulary/relators/aut 
710 2 |a SpringerLink (Online service) 
773 0 |t Springer eBooks 
776 0 8 |i Printed edition:  |z 9781493998098 
776 0 8 |i Printed edition:  |z 9781493998111 
776 0 8 |i Printed edition:  |z 9781493998128 
830 0 |a Fields Institute Monographs,  |x 1069-5273 ;  |v 37 
856 4 0 |u https://doi.org/10.1007/978-1-4939-9810-4  |z Full Text via HEAL-Link 
912 |a ZDB-2-SMA 
950 |a Mathematics and Statistics (Springer-11649)